Guía bibliográfica de fuentes manuscritas para la historia de Filipinas conservadas fuera de España: con un apéndice sobre materiales cartográficos y colecciones documentales

Saved in:
Bibliographic Details
Main Author: Hidalgo Nuchera, Patricio (Author)
Format: Book
Language:Spanish
Published: Madrid, España Fundación Mapfre Tavera 2003
Subjects:
Tags: Add Tag
No Tags, Be the first to tag this record!

MARC

LEADER 00000nam a2200000 a 4500
001 UCH4587
003 CL-VaPUC
005 20250326130243.0
008 090827e20030000SP |||||||||||||||||spa|d
999 |c 335866  |d 335864 
020 |a 8484790339 
040 |c Pontificia Universidad Católica de Valparaíso 
082 0 4 |a 959.9016 HID 2003  |2 21 
100 |a Hidalgo Nuchera, Patricio  |e author  |9 540191 
245 1 0 |a Guía bibliográfica de fuentes manuscritas para la historia de Filipinas conservadas fuera de España:  |b  con un apéndice sobre materiales cartográficos y colecciones documentales 
260 |a Madrid, España  |b Fundación Mapfre Tavera  |c 2003 
300 |a 242 páginas 
583 |a last modification  |c 20090827 00:00:00  |k Rodrigo Vera 
650 7 |a HISTORIA DE FILIPINAS  |2 CL-VaPUC  |9 540190 
650 0 |a Bibliografías   |9 257071 
651 0 |a Filipinas  |9 258491 
942 |c BK  |2 ddc 
945 |d 20090827 00:00:00  |a rbrito 
952 |0 0  |1 0  |2 ddc  |4 0  |6 959_901600000000000_HID_2003  |7 0  |8 X  |9 426688  |a FDOBUD  |b FDOBUD  |d 2019-11-22  |i 4593065  |o 959.9016 HID 2003  |p 4593065  |r 2019-11-22  |t 1  |w 2019-11-22  |y BK_X  |k BUD